00875 a2200193 45000010006000000050017000060080041000230030015000640400040000790800119001192450082002382640035003203000019003555050223003740410008005971000025006057000021006307000030006516341020260407155932.0260407a1970 arg spa dAR-UNSa-BCEJYS aAR-UNSa-BCEJYSbspacAR-UNSa-BCEJYS a517.4xDeterminantes funcionales. Transformaciones integrales. Cálculo Operacional (Transformaciones de Laplace)10aCurso de cálculo operacional aplicadop(Transformación de Carson-Laplace) 1aBilbao :bEdiciones Urmoc1970 a253 p.c24 cm. a1. La transformación de Carson-Laplace – 2. La transformación inversa. La integral de Mellin- Fourier – 3. La noción general de impedancia – 4. Complementos – 5. Aplicaciones diversas – 6. Tablas –  aspa1 aDenis-Papin, Maurice1 aKaufmann, Albert1 aGómez Pitarch, Andrés